| 000 | 00566nam a22001697a 4500 | ||
|---|---|---|---|
| 005 | 20120526132719.0 | ||
| 020 |
_a8125908056 _c00 |
||
| 035 | _aB-10073 | ||
| 037 |
_aDPL _bENG |
||
| 100 |
_aVaish, M C _948017 |
||
| 245 |
_aMacroeconomic theory / _cby M C Vaish |
||
| 250 | _a11th rev. ed. | ||
| 260 |
_aNew Delhi _bVikas Publishing House _c2000 |
||
| 300 |
_a688p. _c20 cms. |
||
| 942 |
_2ddc _cEN _h339.3 _mVAI |
||
| 999 |
_c67221 _d67221 |
||